书目信息 |
| 题名: |
中国土壤动物检索国鉴
|
|
| 作者: | 尹文英 著 | |
| 分册: | ||
| 出版信息: | 北京 科学出版社 1998.6 |
|
| 页数: | 756页 | |
| 开本: | 16开 | |
| 丛书名: | ||
| 单 册: | ||
| 中图分类: | S154.5-64 | |
| 科图分类: | ||
| 主题词: | 土壤学 | |
| 电子资源: | ||
| ISBN: | 7-03-006191-8 | |
| 000 | 00572nam0 2200193 45 | |
| 001 | 0010301026 | |
| 005 | 20031219104047.0 | |
| 010 | @a7-03-006191-8@b精装@dCNY97.00 | |
| 100 | @a20001030d1998 km y0chiy0120 ea | |
| 101 | 0 | @achi |
| 105 | @a z 000yy | |
| 200 | 1 | @a中国土壤动物检索国鉴@AZhong Guo Tu Rang Dong Wu Jian Suo Guo Jian@f尹文英等著@FYin Wen Ying Deng Zhu |
| 210 | @a北京@c科学出版社@d1998.6 | |
| 215 | @a756页@d16开 | |
| 606 | 0 | @a土壤学 |
| 690 | @aS154.5-64@v1 | |
| 701 | 0 | @a尹文英@4著 |
| 801 | @aCN@bTSTC@c20030218 | |
| 905 | @b319789-790@dS154.5-64@e20@f2 | |
| 中国土壤动物检索国鉴/尹文英等著.-北京:科学出版社,1998.6 |
| 756页;16开 |
| ISBN 7-03-006191-8(精装):CNY97.00 |
| ● |
| 相关链接 |
|
|
|
|
正题名:中国土壤动物检索国鉴
索取号:S154.5-64/20
 
预约/预借
| 序号 | 登录号 | 条形码 | 馆藏地/架位号 | 状态 | 备注 |
| 1 | 0292137 | 002921379 | 密集书库/ [索取号:S154.5-64/20] | 在馆 | |
| 2 | 0292138 | 002921388 | 第二样本阅览室/ [索取号:S154.5-64/20] | 在馆 | |
| 3 | 0319789 | 203197897 | 工具书阅览室/ [索取号:S154.5-64/20] | 在馆 | |
| 4 | 0319790 | 203197904 | 密集书库/ [索取号:S154.5-64/20] | 在馆 |